[Event "23rd EUR-ch"]
[Site "Vrnjacka Banja SRB"]
[Date "2023.03.07"]
[Round "5.92"]
[White "Zverev, Lev"]
[Black "Clarke, Brandon"]
[Result "0-1"]
[WhiteElo "2267"]
[BlackElo "2475"]
[EventDate "2023.03.03"]
[PlyCount "66"]

1.e4 c5 2.Nf3 d6 3.d4 cxd4 4.Nxd4 Nf6 5.f3 e5 6.Nb3 d5 7.Bg5 d4 8.c3 Nc6 
9.cxd4 Bb4+ 10.Bd2 O-O 11.Bxb4 Nxb4 12.a3 Nxe4 13.g3 exd4 14.fxe4 Nc6 15.
Bg2 Qb6 16.O-O Be6 17.N1d2 Ne5 18.Nc1 d3+ 19.Kh1 Rfd8 20.h3 Rac8 21.b3 Qe3
22.Nf3 d2 23.Na2 Bxb3 24.Nxe5 Bxd1 25.Raxd1 f6 26.Ng4 Qxa3 27.e5 fxe5 28.
Ra1 Qxg3 29.Nb4 Qb3 30.Nd5 Rxd5 31.Bxd5+ Qxd5+ 32.Kh2 Rc1 33.Ra3 Rxf1 0-1

[Event "23rd EUR-ch"]
[Site "Vrnjacka Banja SRB"]
[Date "2023.03.07"]
[Round "5.93"]
[White "Briakin, Mikhail"]
[Black "Eren, Ataberk"]
[Result "1/2-1/2"]
[WhiteElo "2474"]
[BlackElo "2308"]
[EventDate "2023.03.03"]
[PlyCount "65"]

1.d4 d5 2.c4 c6 3.Nc3 Nf6 4.cxd5 cxd5 5.f3 Qb6 6.e3 Nc6 7.Qb3 Qxb3 8.axb3 
Bd7 9.Bd2 e6 10.Bd3 Be7 11.Nge2 O-O 12.g4 Rfc8 13.Kf2 Ne8 14.h4 Nc7 15.
Rag1 Na6 16.g5 Nab4 17.Bb1 Na5 18.Nc1 Rc6 19.Rg2 Rac8 20.h5 Rb6 21.h6 g6 
22.Re1 Nbc6 23.Na4 Rxb3 24.Bxa5 Nxa5 25.Nxb3 Nxb3 26.Nc3 Bb4 27.Kg3 Kf8 
28.Rc2 Na1 29.Rcc1 Nb3 30.Rc2 Na1 31.Rce2 Nb3 32.Rc2 Na1 33.Rce2 1/2-1/2

[Event "23rd EUR-ch"]
[Site "Vrnjacka Banja SRB"]
[Date "2023.03.07"]
[Round "5.94"]
[White "Taspinar, Yanki"]
[Black "Ioannidis, Evgenios"]
[Result "0-1"]
[WhiteElo "2262"]
[BlackElo "2473"]
[EventDate "2023.03.03"]
[PlyCount "68"]

1.e4 c5 2.Nf3 d6 3.d4 cxd4 4.Nxd4 Nf6 5.Nc3 a6 6.a3 e6 7.g4 b5 8.g5 Nfd7 
9.Bg2 Bb7 10.h4 Be7 11.f4 Nc6 12.Nde2 h6 13.Be3 Qc7 14.Qd2 O-O-O 15.O-O-O 
Kb8 16.Kb1 Nb6 17.Qe1 Nc4 18.Bc1 Qa5 19.Na2 Qxe1 20.Rdxe1 d5 21.exd5 exd5 
22.Ng3 Bc5 23.Nf5 Rhg8 24.Rd1 d4 25.Rhe1 hxg5 26.fxg5 Rh8 27.Bf4+ Ka7 28.
Nc1 Ne7 29.Nxe7 Bxg2 30.Nb3 Bb6 31.Nf5 Rhg8 32.Nbxd4 g6 33.Ne3 Bxd4 34.
Nxg2 Bxb2 0-1

[Event "23rd EUR-ch"]
[Site "Vrnjacka Banja SRB"]
[Date "2023.03.07"]
[Round "5.95"]
[White "Shvedova, Alexandra"]
[Black "Janzelj, Tim"]
[Result "1/2-1/2"]
[WhiteElo "2083"]
[BlackElo "2472"]
[EventDate "2023.03.03"]
[PlyCount "90"]

1.e4 c6 2.d4 d5 3.e5 Bf5 4.Nf3 e6 5.Be2 c5 6.Be3 Qb6 7.Nc3 Nc6 8.O-O Qxb2 
9.Qe1 cxd4 10.Bxd4 Nxd4 11.Nxd4 Bb4 12.Ndb5 Ba5 13.Rb1 Qxc2 14.Rc1 Qb2 15.
Na4 Bxe1 16.Nxb2 Ba5 17.Nd6+ Ke7 18.Nxb7 Bb6 19.Na4 g5 20.g4 Bg6 21.Nxb6 
axb6 22.f4 gxf4 23.Rxf4 Nh6 24.Rc7+ Kf8 25.a4 Rg8 26.Kf2 Rg7 27.Nd6 f5 28.
Nb5 Re7 29.Rc6 Nf7 30.gxf5 Bxf5 31.Nd4 Kg8 32.Nxf5 exf5 33.e6 Nd8 34.Rxb6 
Nxe6 35.Rxf5 Rxa4 36.Rb8+ Kg7 37.Rxd5 Ra2 38.Re5 Rf7+ 39.Ke3 Nf4 40.Bc4 
Ng2+ 41.Kd4 Rf4+ 42.Kc3 Rf3+ 43.Kd4 Rf4+ 44.Kc3 Rf3+ 45.Kd4 Rf4+ 1/2-1/2

[Event "23rd EUR-ch"]
[Site "Vrnjacka Banja SRB"]
[Date "2023.03.07"]
[Round "5.96"]
[White "Firat, Burak"]
[Black "Palczert, Matyas"]
[Result "1/2-1/2"]
[WhiteElo "2471"]
[BlackElo "2304"]
[EventDate "2023.03.03"]
[PlyCount "85"]

1.c4 Nf6 2.Nc3 e6 3.d4 Bb4 4.e3 O-O 5.Ne2 c6 6.a3 Ba5 7.Ng3 d5 8.Qc2 Nbd7 
9.b4 Bc7 10.f4 a5 11.Rb1 axb4 12.axb4 Ng4 13.Bd3 f5 14.h3 Ngf6 15.Nf1 dxc4
16.Bxc4 Nd5 17.Nxd5 exd5 18.Bd3 g6 19.Nh2 Qh4+ 20.Kf1 Qe7 21.Nf3 Nf6 22.
Ne5 Ne4 23.Bxe4 dxe4 24.b5 Bxe5 25.fxe5 Be6 26.Kf2 cxb5 27.Qd2 Bc4 28.Bb2 
Qe6 29.Rhd1 Qd5 30.Ra1 Rxa1 31.Rxa1 Rc8 32.Kg1 g5 33.Qf2 Qe6 34.Qg3 h6 35.
h4 g4 36.Qf2 Bb3 37.Rc1 Rxc1+ 38.Bxc1 Qc6 39.Ba3 Be6 40.Qe1 Qc4 41.Kh2 b6 
42.Qb4 Qxb4 43.Bxb4 1/2-1/2

[Event "23rd EUR-ch"]
[Site "Vrnjacka Banja SRB"]
[Date "2023.03.07"]
[Round "5.97"]
[White "Saraci, Nderim"]
[Black "Garsky, Vladyslav"]
[Result "1-0"]
[WhiteElo "2469"]
[BlackElo "2253"]
[EventDate "2023.03.03"]
[PlyCount "95"]

1.Nf3 d5 2.c4 c6 3.d4 Nf6 4.Qc2 g6 5.g3 Bg7 6.Bg2 O-O 7.O-O Bf5 8.Qb3 Qb6 
9.Nc3 Nbd7 10.Qa4 Ne4 11.cxd5 Nxc3 12.bxc3 cxd5 13.Ba3 Rfc8 14.Nh4 Rc4 15.
Bb4 Nf6 16.Nxf5 gxf5 17.e3 Ne4 18.Qa3 e6 19.Rfc1 a5 20.Bxe4 fxe4 21.Bc5 
Qc6 22.Rab1 Ra4 23.Qb3 Bf8 24.Bxf8 Rxf8 25.Qxb7 Qxb7 26.Rxb7 Rc8 27.Rc2 
Rac4 28.Ra7 Ra4 29.Rb2 Ra3 30.Rbb7 Rf8 31.Rc7 Rxa2 32.c4 dxc4 33.Rxc4 Kg7 
34.Rc5 Rb8 35.Rg5+ Kh6 36.Re5 Kg6 37.Rxe4 h5 38.Rf4 f6 39.Ra6 a4 40.Rxe6 
a3 41.Rfxf6+ Kg7 42.Rg6+ Kh7 43.Rh6+ Kg7 44.Reg6+ Kf7 45.Ra6 Rb1+ 46.Kg2 
Rbb2 47.Ra7+ Kg8 48.Rg6+ 1-0

[Event "23rd EUR-ch"]
[Site "Vrnjacka Banja SRB"]
[Date "2023.03.07"]
[Round "5.98"]
[White "Petrovic, Aleksa"]
[Black "Bronstein, Or"]
[Result "1/2-1/2"]
[WhiteElo "2254"]
[BlackElo "2465"]
[EventDate "2023.03.03"]
[PlyCount "62"]

1.Nf3 Nf6 2.g3 b5 3.Bg2 Bb7 4.d4 e6 5.O-O c5 6.c3 Be7 7.dxc5 Bxc5 8.b4 Be7
9.a4 bxa4 10.Qxa4 Qc8 11.Ba3 O-O 12.Nbd2 d6 13.Rfc1 Nbd7 14.c4 a5 15.b5 e5
16.c5 dxc5 17.Nc4 Qc7 18.Bb2 e4 19.Nfe5 Nb6 20.Nxb6 Qxb6 21.Nc4 Qe6 22.
Bxf6 Bxf6 23.Rab1 Rfd8 24.e3 h5 25.h4 Rd3 26.Rd1 Rd5 27.Nd2 Rad8 28.Bxe4 
c4 29.Bxd5 Rxd5 30.Qxc4 Qd7 31.Qe2 a4 1/2-1/2

[Event "23rd EUR-ch"]
[Site "Vrnjacka Banja SRB"]
[Date "2023.03.07"]
[Round "5.99"]
[White "Yonal, Timur"]
[Black "Kaasen, Tor Fredrik"]
[Result "0-1"]
[WhiteElo "1859"]
[BlackElo "2464"]
[EventDate "2023.03.03"]
[PlyCount "56"]

1.d4 Nf6 2.c4 g6 3.h4 Bg7 4.Nc3 d6 5.e4 Nc6 6.d5 Ne5 7.Be2 O-O 8.h5 c6 9.
h6 Bh8 10.Nf3 Nxf3+ 11.gxf3 e6 12.Kf1 exd5 13.cxd5 cxd5 14.Nxd5 Nxd5 15.
Qxd5 Qb6 16.f4 Bd7 17.f5 Bc6 18.Qc4 Bd4 19.fxg6 hxg6 20.h7+ Kh8 21.Bh6 
Qxb2 22.Rd1 Bg7 23.Bxg7+ Qxg7 24.Rxd6 Rae8 25.f3 f5 26.e5 Rxe5 27.a4 Rfe8 
28.Rh2 Re3 0-1

[Event "23rd EUR-ch"]
[Site "Vrnjacka Banja SRB"]
[Date "2023.03.07"]
[Round "5.100"]
[White "Isik, Alparslan"]
[Black "Averin, Nikolai"]
[Result "1/2-1/2"]
[WhiteElo "2462"]
[BlackElo "2296"]
[EventDate "2023.03.03"]
[PlyCount "70"]

1.d4 d5 2.c4 e6 3.Nc3 Nf6 4.cxd5 exd5 5.Bg5 c6 6.e3 Be7 7.Bd3 Nbd7 8.Nf3 
Nh5 9.Bxe7 Qxe7 10.O-O O-O 11.Qb1 Nhf6 12.b4 a6 13.a4 Nb6 14.Ne5 g6 15.a5 
Nbd7 16.f4 Ne8 17.Qb3 Nd6 18.Na4 Nf6 19.Nb6 Rb8 20.Bxa6 bxa6 21.Nxc6 Qb7 
22.Nxb8 Qxb8 23.Nxd5 Nxd5 24.Qxd5 Bb7 25.Qb3 Qa8 26.Rf2 Bd5 27.Qb2 Re8 28.
Re1 Qb7 29.Rc2 Nf5 30.Rc5 Nh4 31.Re2 Qd7 32.Qc1 Qg4 33.Qf1 Be4 34.Rf2 Nxg2
35.Rxg2 Bxg2 1/2-1/2

[Event "23rd EUR-ch"]
[Site "Vrnjacka Banja SRB"]
[Date "2023.03.07"]
[Round "5.101"]
[White "Willow, Jonah"]
[Black "Ozdemir, Serhan Berat"]
[Result "1-0"]
[WhiteElo "2459"]
[BlackElo "2200"]
[EventDate "2023.03.03"]
[PlyCount "71"]

1.e4 c5 2.Nf3 e6 3.d4 cxd4 4.Nxd4 Nc6 5.Nc3 Qc7 6.Be3 a6 7.g4 Bb4 8.Nxc6 
Qxc6 9.Qd4 Bxc3+ 10.bxc3 Ne7 11.Qxg7 Rg8 12.Qd4 d6 13.f3 e5 14.Qb4 Be6 15.
O-O-O O-O-O 16.Be2 Rd7 17.c4 Kb8 18.Rd2 Nc8 19.Rhd1 Rgd8 20.Rd5 f6 21.Ra5 
Rc7 22.g5 fxg5 23.Rxe5 dxe5 24.Rxd8 g4 25.c5 gxf3 26.Bxf3 Bxa2 27.Qb6 Be6 
28.Kb2 Bd7 29.Rh8 Qb5+ 30.Qxb5 Bxb5 31.Kb3 Rf7 32.Bh5 Rg7 33.Bh6 Rc7 34.
Bg4 Bd7 35.Bg7 Bxg4 36.Bxe5 1-0

[Event "23rd EUR-ch"]
[Site "Vrnjacka Banja SRB"]
[Date "2023.03.07"]
[Round "5.102"]
[White "Nevednichy, Vladislav"]
[Black "Tregubenko, Nikolai"]
[Result "1-0"]
[WhiteElo "2457"]
[BlackElo "2022"]
[EventDate "2023.03.03"]
[PlyCount "71"]

1.e4 c5 2.Nf3 d6 3.Bb5+ Nd7 4.O-O a6 5.Bd3 Ngf6 6.c3 e6 7.Bc2 b5 8.d4 Bb7 
9.Re1 Be7 10.Nbd2 Qc7 11.Nf1 a5 12.Ng3 b4 13.d5 Nb6 14.dxe6 fxe6 15.Ng5 
Qd7 16.e5 dxe5 17.Qe2 O-O 18.Qxe5 Ng4 19.Qxe6+ Qxe6 20.Nxe6 Rxf2 21.Be4 
Ra7 22.Bg5 Rxb2 23.cxb4 cxb4 24.Bxe7 Bxe4 25.Rxe4 Rxe7 26.Nf5 Rf7 27.Rxg4 
Rxf5 28.Rxg7+ Kh8 29.Rb7 h5 30.Rb8+ Kh7 31.Rxb6 Rff2 32.Ng5+ Kg7 33.Rb7+ 
Kh6 34.Nf3 Rxg2+ 35.Kh1 Rxa2 36.Rd1 1-0

[Event "23rd EUR-ch"]
[Site "Vrnjacka Banja SRB"]
[Date "2023.03.07"]
[Round "5.103"]
[White "Bartel, Mateusz"]
[Black "Adan Bermudez, Sergio"]
[Result "1-0"]
[WhiteElo "2609"]
[BlackElo "2338"]
[EventDate "2023.03.03"]
[PlyCount "65"]

1.d4 d5 2.c4 dxc4 3.Nf3 e6 4.Nc3 a6 5.e3 b5 6.a4 b4 7.Nb1 c5 8.Bxc4 Nc6 9.
dxc5 Qxd1+ 10.Kxd1 Na5 11.Nbd2 Nxc4 12.Nxc4 Bxc5 13.b3 Nf6 14.Bb2 Bb7 15.
Ke2 Ke7 16.Rac1 Rac8 17.Rhd1 Rhd8 18.Rxd8 Rxd8 19.Na5 Bxf3+ 20.gxf3 Rd5 
21.Nc6+ Ke8 22.Nb8 a5 23.e4 Rh5 24.e5 Nd5 25.Rxc5 Rxh2 26.Bd4 f5 27.exf6 
gxf6 28.Rxa5 h5 29.Rxd5 exd5 30.a5 Kd8 31.a6 Kc8 32.a7 Kb7 33.Na6 1-0

[Event "23rd EUR-ch"]
[Site "Vrnjacka Banja SRB"]
[Date "2023.03.07"]
[Round "5.104"]
[White "Bosiocic, Marin"]
[Black "Bazakutsa, Svyatoslav"]
[Result "1/2-1/2"]
[WhiteElo "2555"]
[BlackElo "2335"]
[EventDate "2023.03.03"]
[PlyCount "158"]

1.d4 Nf6 2.c4 g6 3.Nc3 Bg7 4.e4 d6 5.h3 O-O 6.Be3 Nc6 7.d5 Nb4 8.Nf3 e6 9.
Be2 a5 10.O-O Na6 11.a3 Bd7 12.Qc2 e5 13.c5 a4 14.Rac1 Ne8 15.Nxa4 Bxa4 
16.Qxa4 dxc5 17.Qb3 b6 18.Bg5 f6 19.d6+ Kh8 20.dxc7 Naxc7 21.Rfd1 Qc8 22.
Be3 Qe6 23.Qxe6 Nxe6 24.Rd7 N8c7 25.Rcd1 Rfd8 26.Kf1 Rxd7 27.Rxd7 Rd8 28.
Rxd8+ Nxd8 29.b4 cxb4 30.axb4 b5 31.Bb6 Nde6 32.Ne1 Bf8 33.Nc2 Kg7 34.Ba5 
Kf7 35.Ke1 Bd6 36.Kd2 Ke7 37.Ne3 Kf7 38.Kc3 Nd4 39.Bg4 Nce6 40.Nd5 Nc6 41.
Bb6 h5 42.Be2 Ned4 43.Bd3 h4 44.g3 hxg3 45.fxg3 f5 46.g4 fxe4 47.Bxe4 Ne2+
48.Kb3 Ncd4+ 49.Kb2 Ng3 50.Bg2 Ke6 51.Kc3 g5 52.Kd3 Nc6 53.Ba5 Nd4 54.Bd8 
Nc6 55.Ba5 Kf7 56.Ke3 Nd4 57.Bc7 Bxc7 58.Nxc7 Nge2 59.Nxb5 Nf4 60.Nxd4 
exd4+ 61.Kf3 d3 62.Bf1 d2 63.Be2 Ke6 64.Ke3 Nd5+ 65.Kxd2 Nxb4 66.Bf3 Ke5 
67.Bb7 Kd4 68.Ke2 Nd3 69.Kf3 Ne5+ 70.Kf2 Kd3 71.Bf3 Kd4 72.Bd1 Ke4 73.Kg3 
Ke3 74.Bc2 Ke2 75.Bb1 Ke3 76.Bf5 Ke2 77.Bb1 Ke3 78.Kg2 Kf4 79.Kf2 Nxg4+ 
1/2-1/2

[Event "23rd EUR-ch"]
[Site "Vrnjacka Banja SRB"]
[Date "2023.03.07"]
[Round "5.105"]
[White "Petrov, Martin"]
[Black "Gombocz, Ferenc jr"]
[Result "1-0"]
[WhiteElo "2505"]
[BlackElo "2311"]
[EventDate "2023.03.03"]
[PlyCount "57"]

1.e4 e5 2.Nf3 Nc6 3.Bc4 Nf6 4.d3 Be7 5.O-O O-O 6.a4 d5 7.exd5 Nxd5 8.h3 
Kh8 9.a5 f6 10.Qe2 a6 11.d4 Nf4 12.Bxf4 exf4 13.Nbd2 Bd6 14.Rfe1 Bf5 15.
Bd3 Bxd3 16.Qxd3 Qd7 17.Nc4 g5 18.c3 Rae8 19.b4 Re7 20.Rxe7 Nxe7 21.Qe4 
Qc6 22.Nxd6 Qxd6 23.Qxb7 Nd5 24.b5 Nxc3 25.bxa6 Qd5 26.Qb4 Ne2+ 27.Kf1 Re8
28.Re1 Qe6 29.Qb5 1-0

[Event "23rd EUR-ch"]
[Site "Vrnjacka Banja SRB"]
[Date "2023.03.07"]
[Round "5.106"]
[White "Yordanov, Lachezar"]
[Black "Valsecchi, Alessio"]
[Result "0-1"]
[WhiteElo "2335"]
[BlackElo "2505"]
[EventDate "2023.03.03"]
[PlyCount "96"]

1.d4 Nf6 2.c4 e6 3.Nc3 d5 4.cxd5 exd5 5.Bg5 c6 6.e3 h6 7.Bh4 Be7 8.Bd3 O-O
9.Nge2 Re8 10.O-O a5 11.Rc1 Nbd7 12.f3 b5 13.Kh1 Nb6 14.Bf2 Bf8 15.Qc2 Ba6
16.Bg1 a4 17.Nd1 Rc8 18.b3 Ba3 19.Rb1 c5 20.dxc5 Bxc5 21.Bf5 Rc7 22.Qd2 b4
23.Re1 g6 24.Bd3 Ne4 25.Bxe4 dxe4 26.Qxd8 Rxd8 27.bxa4 Nxa4 28.Nd4 Bb7 29.
fxe4 Bxe4 30.Rc1 Re7 31.Nf2 Bd5 32.Nd3 Bd6 33.Nc6 Bxc6 34.Rxc6 Bg3 35.hxg3
Rxd3 36.Rc4 Nc3 37.Rxb4 Ne4 38.g4 Ra3 39.Bh2 Rxa2 40.Kg1 Kg7 41.Rd4 g5 42.
Rc4 Re6 43.Rb4 Kg6 44.Rc4 Rd2 45.Bb8 Rb2 46.Ba7 Ra2 47.Bd4 Nf6 48.Kh2 Rd2 
0-1

[Event "23rd EUR-ch"]
[Site "Vrnjacka Banja SRB"]
[Date "2023.03.07"]
[Round "5.107"]
[White "Velikic, Adela"]
[Black "Castellanos Rodriguez, Renier"]
[Result "1/2-1/2"]
[WhiteElo "2329"]
[BlackElo "2484"]
[EventDate "2023.03.03"]
[PlyCount "46"]

1.e4 c5 2.Nf3 e6 3.d4 cxd4 4.Nxd4 a6 5.Bd3 Nf6 6.Qe2 d6 7.a4 Nbd7 8.Nc3 
Ne5 9.f4 Nxd3+ 10.Qxd3 b6 11.O-O Bb7 12.f5 e5 13.Nb3 h6 14.Nd5 Be7 15.Be3 
Bxd5 16.exd5 O-O 17.Kh1 Qb8 18.c4 Qb7 19.Nd2 b5 20.b3 bxc4 21.bxc4 Rfe8 
22.Rab1 Qd7 23.Rb4 Bd8 1/2-1/2

[Event "23rd EUR-ch"]
[Site "Vrnjacka Banja SRB"]
[Date "2023.03.07"]
[Round "5.108"]
[White "Velten, Paul"]
[Black "Yurtseven, Melih"]
[Result "1-0"]
[WhiteElo "2478"]
[BlackElo "2327"]
[EventDate "2023.03.03"]
[PlyCount "51"]

1.d4 Nf6 2.c4 e6 3.Nf3 d5 4.Nc3 c5 5.cxd5 Nxd5 6.e4 Nxc3 7.bxc3 cxd4 8.
cxd4 Bb4+ 9.Bd2 Bxd2+ 10.Qxd2 O-O 11.Bc4 Nd7 12.O-O b6 13.d5 Nc5 14.Qd4 
exd5 15.exd5 Qd6 16.Rfe1 Bb7 17.Rad1 Rad8 18.Re3 b5 19.Nh4 Qd7 20.Bf1 Rc8 
21.d6 Ne6 22.Qg4 Rc5 23.Nf5 Kh8 24.Rh3 f6 25.Ne7 Rg5 26.Rxh7+ 1-0

[Event "23rd EUR-ch"]
[Site "Vrnjacka Banja SRB"]
[Date "2023.03.07"]
[Round "5.109"]
[White "Sokolovsky, Yahli"]
[Black "Shohat, Yotam"]
[Result "1-0"]
[WhiteElo "2476"]
[BlackElo "2302"]
[EventDate "2023.03.03"]
[PlyCount "72"]

1.e4 c5 2.Nf3 d6 3.d4 cxd4 4.Nxd4 Nf6 5.Nc3 g6 6.Be3 Nc6 7.f3 h5 8.h3 Bd7 
9.Qd2 Rc8 10.O-O-O Nxd4 11.Qxd4 Bg7 12.Qxa7 O-O 13.Qb6 Bh6 14.Kb1 Bxe3 15.
Qxe3 Qa5 16.Qd2 Qa8 17.g4 Rc5 18.g5 Nh7 19.Nd5 Qd8 20.h4 Be6 21.Nb4 Qc7 
22.Bh3 Rc8 23.Bxe6 fxe6 24.f4 Nf8 25.Rhf1 Rb5 26.c3 Qc4 27.Qe1 Ra8 28.Rd4 
Qc5 29.Qe2 Rba5 30.f5 Qe5 31.fxg6 Nxg6 32.Qxh5 Nf4 33.Qg4 Rf8 34.Nd3 Nxd3 
35.Rxf8+ Kxf8 36.Rxd3 Kg7 1-0

[Event "23rd EUR-ch"]
[Site "Vrnjacka Banja SRB"]
[Date "2023.03.07"]
[Round "5.110"]
[White "Kurmann, Oliver"]
[Black "Piliposian, Robert"]
[Result "1/2-1/2"]
[WhiteElo "2464"]
[BlackElo "2314"]
[EventDate "2023.03.03"]
[PlyCount "123"]

1.e4 c5 2.Nf3 d6 3.d4 cxd4 4.Nxd4 Nf6 5.Nc3 Nc6 6.Bg5 e6 7.Qd3 Bd7 8.Ndb5 
Nb4 9.Qd1 Qb8 10.Bf4 e5 11.Bg5 a6 12.Na3 b5 13.Bxf6 gxf6 14.g3 Bg7 15.Bg2 
O-O 16.Nab1 Be6 17.O-O Qa7 18.a3 Nc6 19.Nd5 Qd4 20.c3 Qxd1 21.Rxd1 Rfd8 
22.b4 Bxd5 23.exd5 Ne7 24.a4 f5 25.Bf1 e4 26.axb5 axb5 27.Rxa8 Rxa8 28.
Bxb5 Ra2 29.c4 Rb2 30.c5 Be5 31.Na3 Rxb4 32.cxd6 Bxd6 33.Nc4 Rxb5 34.Nxd6 
Rxd5 35.Rxd5 Nxd5 36.Nxf5 h5 37.Kf1 Nf6 38.Ke2 Kh7 39.h3 Nd5 40.Nd6 Kg6 
41.Nxe4 h4 42.Kf3 hxg3 43.fxg3 f5 44.Nc5 Kf6 45.Nd3 Nc3 46.Nf4 Ne4 47.h4 
Nd2+ 48.Ke3 Nf1+ 49.Kf2 Nd2 50.Nd3 Ne4+ 51.Kf3 Nc3 52.Nb4 Kg6 53.Nc2 Kf6 
54.Ke3 Ke5 55.Ne1 Nd5+ 56.Kd3 Nf6 57.Nf3+ Kd5 58.Ke3 Nh5 59.Kf2 Ke4 60.
Ng5+ Ke5 61.Kf3 Nf6 62.Nh3 1/2-1/2

[Event "23rd EUR-ch"]
[Site "Vrnjacka Banja SRB"]
[Date "2023.03.07"]
[Round "5.111"]
[White "Van Dael, Siem"]
[Black "Vogel, Roven"]
[Result "1/2-1/2"]
[WhiteElo "2312"]
[BlackElo "2462"]
[EventDate "2023.03.03"]
[PlyCount "71"]

1.e4 e5 2.Nf3 Nc6 3.Bc4 Nf6 4.d3 h6 5.Nc3 d6 6.a4 Be7 7.a5 a6 8.Nd5 O-O 9.
Nxf6+ Bxf6 10.c3 Ne7 11.O-O Ng6 12.Re1 Qe8 13.h3 Bd8 14.d4 Kh7 15.Ng5+ 
Bxg5 16.Bxg5 Be6 17.Bxe6 Qxe6 18.d5 Qe8 19.Be3 f5 20.exf5 Rxf5 21.Qb3 e4 
22.Qxb7 Nh4 23.Kh1 Qg6 24.Rg1 Raf8 25.Qxa6 Rxf2 26.Bxf2 Rxf2 27.Qc8 h5 28.
Rae1 Qg3 29.Qe8 Nf3 30.Qxh5+ Kg8 31.Qe8+ Kh7 32.Qxe4+ Kh6 33.Qe3+ Kh7 34.
Qe4+ Kh6 35.Qe3+ Kh7 36.Qe4+ 1/2-1/2

[Event "23rd EUR-ch"]
[Site "Vrnjacka Banja SRB"]
[Date "2023.03.07"]
[Round "5.112"]
[White "Cabarkapa, Novak"]
[Black "Skvortsov, Andrei"]
[Result "1/2-1/2"]
[WhiteElo "2458"]
[BlackElo "2298"]
[EventDate "2023.03.03"]
[PlyCount "102"]

1.b3 d5 2.Bb2 Bf5 3.d3 e6 4.Nd2 Nf6 5.g3 c5 6.Bg2 Nc6 7.e4 dxe4 8.dxe4 Bg4
9.f3 Bh5 10.Ne2 e5 11.h4 Bg6 12.Nc4 Qc7 13.Ne3 Rd8 14.Qc1 Nd4 15.g4 h6 16.
c3 Ne6 17.c4 Nd4 18.Nc3 Bd6 19.Qd2 a6 20.O-O Qc8 21.Qf2 Ne6 22.Rad1 Nf4 
23.Ne2 Nxg2 24.Qxg2 O-O 25.Ng3 Bb8 26.Ngf5 Qe6 27.Nd5 Kh8 28.Qf2 b6 29.Qe3
Ng8 30.Rd2 f6 31.Rfd1 Rd7 32.h5 Bf7 33.a3 Rfd8 34.Kg2 Qc6 35.Rd3 Be8 36.
Bc3 Bd6 37.Be1 Bf8 38.Bh4 b5 39.Qc1 Bf7 40.Bf2 Be6 41.R1d2 Kh7 42.Qd1 bxc4
43.bxc4 Rb8 44.Nh4 Rdb7 45.Ne3 Be7 46.Qc2 Bf7 47.Nhf5 Bf8 48.Nd5 Kh8 49.
Nde3 Kh7 50.Rd8 Ne7 51.R8d6 Qc8 1/2-1/2

[Event "23rd EUR-ch"]
[Site "Vrnjacka Banja SRB"]
[Date "2023.03.07"]
[Round "5.113"]
[White "Spasic, Petar"]
[Black "Soffer, Ram"]
[Result "0-1"]
[WhiteElo "2298"]
[BlackElo "2456"]
[EventDate "2023.03.03"]
[PlyCount "78"]

1.c4 e5 2.Nc3 Nf6 3.Nf3 Nc6 4.e4 Bc5 5.Nxe5 Nxe5 6.d4 Bb4 7.dxe5 Nxe4 8.
Qd4 Nxc3 9.bxc3 Be7 10.Bf4 O-O 11.Bd3 d6 12.O-O dxe5 13.Bxe5 Bf6 14.Bxf6 
Qxf6 15.Qxf6 gxf6 16.Be4 Rb8 17.f4 Be6 18.c5 b6 19.c6 f5 20.Bf3 Rfd8 21.
Rfd1 Kf8 22.Rd4 Ke7 23.Rad1 Rxd4 24.cxd4 Bxa2 25.Re1+ Kd6 26.Re5 a5 27.
Rxf5 b5 28.Kf2 a4 29.Ke3 b4 30.d5 b3 31.Rxf7 b2 32.Be4 Re8 33.Rf6+ Kc5 34.
Re6 Rxe6 35.dxe6 Bxe6 36.Kd2 Kb4 37.f5 Bf7 38.f6 a3 39.Kc2 Bb3+ 0-1

[Event "23rd EUR-ch"]
[Site "Vrnjacka Banja SRB"]
[Date "2023.03.07"]
[Round "5.114"]
[White "Royal, Shreyas"]
[Black "Gunduz, Umut Erdem"]
[Result "1-0"]
[WhiteElo "2452"]
[BlackElo "2286"]
[EventDate "2023.03.03"]
[PlyCount "50"]

1.d4 Nf6 2.c4 c5 3.d5 e6 4.Nc3 exd5 5.cxd5 d6 6.Nf3 g6 7.Nd2 Nbd7 8.e4 Bg7
9.Be2 O-O 10.O-O Re8 11.a4 a6 12.h3 Rb8 13.a5 b5 14.axb6 Nxb6 15.Re1 Re7 
16.Qc2 Ne8 17.Nb3 Nc7 18.Bg5 f6 19.Bf4 Rf7 20.Na5 Qf8 21.Nc6 Ra8 22.Qb3 
Nd7 23.Bg4 Ne5 24.Be6 Bxe6 25.dxe6 Re7 1-0

[Event "23rd EUR-ch"]
[Site "Vrnjacka Banja SRB"]
[Date "2023.03.07"]
[Round "5.115"]
[White "Braun, Christian"]
[Black "Shoshin, Kirill"]
[Result "0-1"]
[WhiteElo "2449"]
[BlackElo "2278"]
[EventDate "2023.03.03"]
[PlyCount "110"]

1.Nf3 d5 2.g3 Nd7 3.c4 dxc4 4.Na3 e6 5.Nxc4 b5 6.Ne3 Bb7 7.Bg2 c5 8.O-O 
Ngf6 9.b3 Be7 10.Bb2 O-O 11.d4 Qb6 12.a4 a6 13.a5 Qa7 14.dxc5 Bxc5 15.Nc2 
Rfd8 16.Qe1 Rac8 17.Rc1 Be4 18.Nb4 Nd5 19.Nxd5 Bxd5 20.b4 Be7 21.Qd2 Nf6 
22.Bd4 Qb7 23.Bb6 Rxc1 24.Rxc1 Rc8 25.Rxc8+ Qxc8 26.Qd4 Qc1+ 27.Bf1 Ne4 
28.h4 h6 29.Qe5 Bxb4 30.Qb8+ Bf8 31.Be3 Qa3 32.Qc8 Qxa5 33.Ne5 Qc3 34.Qb8 
Nf6 35.g4 Qb4 36.Qa7 Qe7 37.Qxa6 Qd6 38.Qa1 b4 39.g5 hxg5 40.hxg5 Ne4 41.
Qd4 Qc7 42.Nd3 Qc3 43.g6 fxg6 44.Qb6 b3 45.Bg2 Qa1+ 46.Bc1 Nc5 47.Bxd5 
exd5 48.Kg2 Qa6 49.Qd8 Qd6 50.Qc8 Qd7 51.Qa8 Nxd3 52.exd3 Qg4+ 53.Kh2 Qf5 
54.Kg2 Kh7 55.Qb8 Bc5 0-1

[Event "23rd EUR-ch"]
[Site "Vrnjacka Banja SRB"]
[Date "2023.03.07"]
[Round "5.117"]
[White "Remolar Gallen, Jose"]
[Black "Wachinger, Nikolas"]
[Result "0-1"]
[WhiteElo "2290"]
[BlackElo "2440"]
[EventDate "2023.03.03"]
[PlyCount "64"]

1.e4 c5 2.Nf3 d6 3.d4 cxd4 4.Nxd4 Nf6 5.Nc3 a6 6.Be3 e5 7.Nb3 Be6 8.Qf3 
Nbd7 9.h3 Rc8 10.Bd3 Be7 11.O-O O-O 12.a4 Qc7 13.a5 Qc6 14.Rfd1 Kh8 15.
Rac1 Rfd8 16.Bf1 Nf8 17.Nd5 Bxd5 18.exd5 Qa4 19.Bb6 Re8 20.c4 N8d7 21.Qc3 
Nxb6 22.axb6 Ne4 23.Qc2 f5 24.Bd3 Bg5 25.Ra1 Qb4 26.Ra3 g6 27.Na5 Nc5 28.
Bf1 Qxb6 29.Nb3 Ne4 30.Bd3 Nxf2 31.c5 Be3 32.cxb6 Nxd3+ 0-1

[Event "23rd EUR-ch"]
[Site "Vrnjacka Banja SRB"]
[Date "2023.03.07"]
[Round "5.118"]
[White "Wadsworth, Matthew"]
[Black "Dobre, Claudiu-Cristian"]
[Result "1/2-1/2"]
[WhiteElo "2439"]
[BlackElo "2271"]
[EventDate "2023.03.03"]
[PlyCount "62"]

1.Nf3 Nf6 2.c4 c6 3.g3 d5 4.Bg2 g6 5.b3 Bg7 6.Bb2 O-O 7.O-O a5 8.d4 a4 9.
Nbd2 Ne4 10.Nxe4 dxe4 11.Ne1 f5 12.f3 axb3 13.axb3 Rxa1 14.Bxa1 e5 15.fxe4
exd4 16.e5 Nd7 17.Nf3 Nxe5 18.Nxe5 Bxe5 19.e3 Qb6 20.exd4 Rd8 21.c5 Qb4 
22.Kh1 Bf6 23.d5 Bxa1 24.Qxa1 Qxc5 25.dxc6 bxc6 26.Qa8 Qd6 27.Qxc6 Qxc6 
28.Bxc6 Be6 29.b4 Bd5+ 30.Bxd5+ Rxd5 31.Rb1 Rb5 1/2-1/2

[Event "23rd EUR-ch"]
[Site "Vrnjacka Banja SRB"]
[Date "2023.03.07"]
[Round "5.119"]
[White "Kojovic, Dragan"]
[Black "Bulmaga, Irina"]
[Result "0-1"]
[WhiteElo "2272"]
[BlackElo "2438"]
[EventDate "2023.03.03"]
[PlyCount "86"]

1.d4 Nf6 2.Nc3 d5 3.Bf4 e6 4.Nb5 Na6 5.a4 c6 6.Na3 Qb6 7.Bc1 e5 8.e3 Bd6 
9.c3 O-O 10.dxe5 Bxe5 11.Nf3 Bg4 12.Be2 Bxf3 13.gxf3 Nc5 14.a5 Qc7 15.f4 
Bd6 16.b4 Nce4 17.Qd3 Qe7 18.Nc2 c5 19.O-O d4 20.cxd4 cxb4 21.Bf3 Rac8 22.
Bb2 Nc3 23.a6 b5 24.Rfc1 Na4 25.Rcb1 Qd7 26.Ne1 Rfe8 27.Be2 Rb8 28.d5 Ne4 
29.Bd4 f6 30.Bf3 Nec3 31.Rb3 Rbc8 32.Qf1 Rc4 33.Qd3 Bc5 34.Bxc3 bxc3 35.d6
Kh8 36.Nc2 Bxd6 37.Rd1 Nc5 38.Qxd6 Qxd6 39.Rxd6 Nxb3 40.Bc6 Rc8 41.Bxb5 
R4c5 42.Ba4 Nd2 43.Nd4 Nc4 0-1

[Event "23rd EUR-ch"]
[Site "Vrnjacka Banja SRB"]
[Date "2023.03.07"]
[Round "5.120"]
[White "Paszewski, Mateusz"]
[Black "Stalmach, Richard"]
[Result "1-0"]
[WhiteElo "2270"]
[BlackElo "2436"]
[EventDate "2023.03.03"]
[PlyCount "49"]

1.e4 c5 2.Nf3 d6 3.Bb5+ Nd7 4.c4 Nf6 5.Nc3 g6 6.h3 Bg7 7.d3 O-O 8.Ba4 Ne8 
9.Be3 Nc7 10.Qd2 Ne6 11.Bxd7 Bxd7 12.Bh6 Nd4 13.h4 e6 14.Bxg7 Kxg7 15.h5 
Nxf3+ 16.gxf3 Kh8 17.O-O-O Qf6 18.Qh6 Qg7 19.Qe3 Rg8 20.d4 cxd4 21.Rxd4 
Qe5 22.f4 Qc5 23.h6 Bc6 24.Nd5 exd5 25.Qc3 1-0

[Event "23rd EUR-ch"]
[Site "Vrnjacka Banja SRB"]
[Date "2023.03.07"]
[Round "5.121"]
[White "Fataliyeva, Ulviyya"]
[Black "Savicevic, Vlatko"]
[Result "1-0"]
[WhiteElo "2427"]
[BlackElo "2268"]
[EventDate "2023.03.03"]
[PlyCount "51"]

1.Nf3 d5 2.d4 Nf6 3.Bf4 e6 4.e3 c5 5.c3 Nc6 6.Nbd2 Bd6 7.Bg3 O-O 8.Bd3 Qe7
9.Ne5 Nd7 10.Nxd7 Qxd7 11.dxc5 Bxc5 12.e4 dxe4 13.Nxe4 Be7 14.Qc2 e5 15.h4
Kh8 16.Ng5 f5 17.O-O-O Qe8 18.Bc4 Bxg5+ 19.hxg5 Be6 20.Bb5 Qg6 21.Bxc6 
bxc6 22.Bxe5 Qxg5+ 23.f4 Qg6 24.Rd3 Rad8 25.Rdh3 Bg8 26.g4 1-0